Something for your e-signature (Record no. 73074)
[ view plain ]
| 000 -LEADER | |
|---|---|
| fixed length control field | 01146cam a2200217 4500 |
| 001 - CONTROL NUMBER | |
| control field | X123066 |
| 008 - FIXED-LENGTH DATA ELEMENTS--GENERAL INFORMATION | |
| fixed length control field | 030721n2003 000 0 eng u |
| 035 ## - SYSTEM CONTROL NUMBER | |
| System control number | (Sirsi) u123066 |
| 100 ## - MAIN ENTRY--PERSONAL NAME | |
| Personal name | Kalton, M. |
| 245 ## - TITLE STATEMENT | |
| Title | Something for your e-signature |
| 260 ## - PUBLICATION, DISTRIBUTION, ETC. | |
| Date of publication, distribution, etc. | 2003 |
| 490 ## - SERIES STATEMENT | |
| Series statement | Estates Gazette |
| Volume/sequential designation | (0328) 12 July 2003, 103(1) |
| 520 ## - SUMMARY, ETC. | |
| Summary, etc. | Looks at aims and objectives of the IT in Property Group, a sub-group of the Society for Computers and Law founded in 2001. Its membership is diverse, consisting of property lawyers, IT lawyers, IT managers from law firms, property software developers, legal practice software developers, HM Land Registry personnel and the National Land Information Group. For further information contact Caroline Gould, Society for Computers and Law t +44 (0)1179 237393, www.scl.org. |
| 650 ## - SUBJECT ADDED ENTRY--TOPICAL TERM | |
| Topical term or geographic name entry element | IT IN PROPERTY GROUP |
| 650 ## - SUBJECT ADDED ENTRY--TOPICAL TERM | |
| Topical term or geographic name entry element | MANAGEMENT-BUSINESS MANAGEMENT-INFORMATION MANAGEMENT |
| 650 ## - SUBJECT ADDED ENTRY--TOPICAL TERM | |
| Topical term or geographic name entry element | ECONVEYANCING |
| 650 ## - SUBJECT ADDED ENTRY--TOPICAL TERM | |
| Topical term or geographic name entry element | E-SIGNATURES |
| 690 ## - LOCAL SUBJECT ADDED ENTRY--TOPICAL TERM (OCLC, RLIN) | |
| Topical term or geographic name as entry element | MANAGEMENT-BUSINESS MANAGEMENT-INFORMATION MANAGEMENT |
| 856 ## - ELECTRONIC LOCATION AND ACCESS | |
| Uniform Resource Identifier | <a href="https://www.sco.org/">https://www.sco.org/</a> |
| Public note | View the Society for Computers and Law website... |
| 942 ## - ADDED ENTRY ELEMENTS (KOHA) | |
| Suppress in OPAC | 0 |
| Withdrawn status | Lost status | Source of classification or shelving scheme | Damaged status | Not for loan | Home library | Current library | Shelving location | Date acquired | Total Checkouts | Full call number | Barcode | Date last seen | Copy number | Price effective from | Koha item type |
|---|---|---|---|---|---|---|---|---|---|---|---|---|---|---|---|
| Dewey Decimal Classification | London | London | Journal article | 21/07/2003 | X123066 | 123066-1001 | 06/08/2019 | 1 | 06/08/2019 | Journal article |